[Event "Norm Congress-IM 2018"]
[Site "Saint Louis"]
[Date "2018.02.08"]
[Round "1"]
[White "Wang, Justin"]
[Black "Torres Rosas, Luis Carlos"]
[Result "0-1"]
[WhiteElo "2368"]
[BlackElo "2370"]
[Annotator "TA"]
[PlyCount "78"]
[EventDate "2018.??.??"]
[EventType "schev"]
[EventCountry "USA"]
[SourceTitle "playchess.com"]
[Source "ChessBase"]
[SourceQuality "1"]

{[%evp 19,78,27,50,26,43,37,49,27,27,-126,-136,-123,-97,-124,-108,-183,-182,-212,-212,-639,-623,-886,-859,-926,-919,-906,-895,-1066,-1055,-29968,-29964,-3247,-3016,-29985,-1562,-1395,-1357,-1200,-904,-898,-337,-319,-297,-382,-382,-366,-370,-500,-512,-466,-511,-1045,-1029,-1927,-1894,-29997,-29998,-29998,-2411,-29998,-29999]} 1. e4 c5 2. Nf3 d6 3. d4 cxd4 4. Nxd4 Nf6 5. Nc3 a6 6. Be3 e5 7. Nb3 Be6 8. f3 Be7 9. Qd2 O-O 10. O-O-O a5 11. Qe1 {B90: Sicilian Najdorf: Unusual White 6th moves, 6 Be3 Ng4 and 6 Be3 e5} Qc7 (11... Qc8 12. a3 Na6 13. Kb1 Nc7 14. g4 a4 15. Nc1 b5 16. N1a2 d5 17. g5 d4 18. gxf6 Bxf6 {1-0 (38) Jakovenko,D (2730)-Tsydypov,Z (2523) Khanty-Mansiysk 2017}) 12. Nb5 Qc6 $1 13. Nxa5 {White is slightly better.} Qd7 ({Wrong is} 13... Rxa5 $2 14. Qxa5 d5 15. Na7 $18) 14. c4 $146 (14. a3 $11) ({Predecessor:} 14. a3 d5 15. exd5 Nxd5 16. Bc4 Rxa5 17. Qxa5 Nxe3 18. Rxd7 Nxc4 {1-0 (41) De la Pena Balbuena,I (2317)-Jorgensen,P (2337) ICCF email 2012}) 14... Nc6 $17 15. Nb3 Rxa2 16. Kb1 Rfa8 17. Nc3 (17. Bc5 $17 {was worth a try.}) 17... R2a6 $19 18. Nd5 Bd8 $1 19. Bg5 $2 {[#]} (19. g4 Ra4 20. h4) 19... Nd4 $1 {[%mdl 512]} 20. Rxd4 (20. Nxd4 exd4) 20... exd4 21. Nxf6+ Bxf6 ({Weaker is} 21... gxf6 22. Bh6 $11) 22. Bxf6 gxf6 23. Bd3 Qa4 24. Nd2 Qb4 25. Kc2 Ra2 26. Nb3 {[#]} Qa3 (26... Rxb2+ $142 $1 {[%mdl 512]} 27. Kxb2 Qa3+ 28. Kc2 Qa2+ 29. Kd1 Qxb3+ 30. Ke2 Ra2+ 31. Kf1 Qxd3+ 32. Kg1 Qe3+ 33. Qxe3 dxe3 34. g4 Ra1+ 35. Kg2 Rxh1 36. Kxh1 e2 37. Kg2 e1=Q 38. c5 Bc4 39. f4 Bf1+ 40. Kf3 Qe2+ 41. Kg3 Qg2+ 42. Kh4 Qxh2#) 27. Qg3+ Kf8 28. Rb1 Qb4 {( -> ...Qc3+)} 29. Qe1 Qb6 $2 (29... Qa4 30. Qd1 Bxc4 31. Bxc4 Qxc4+ 32. Kd2 {[#]} Rxb2+ $1 {[%mdl 512]} 33. Rxb2 Qc3+ 34. Ke2 Qxb2+ 35. Nd2 Ra2) 30. Nc1 Ra1 31. Rxa1 Rxa1 32. Qf2 Ra4 33. b3 Ra1 34. Qd2 Qc5 35. f4 (35. Kd1 $142 Qa3 36. Qc2) 35... b5 36. b4 Qa7 37. cxb5 Qa4+ 38. Kb2 Qa3+ 39. Kc2 {[#]} Bb3+ $1 {[%mdl 512] Precision: White = 29%, Black = 76%.} 0-1

[Event "Norm Congress-IM 2018"]
[Site "Saint Louis"]
[Date "2018.02.08"]
[Round "1"]
[White "Stearman, Josiah"]
[Black "Grabinsky, Aaron"]
[Result "1-0"]
[WhiteElo "2335"]
[BlackElo "2388"]
[Annotator "RC"]
[PlyCount "103"]
[EventDate "2018.??.??"]
[EventType "schev"]
[EventCountry "USA"]
[SourceTitle "playchess.com"]
[Source "ChessBase"]
[SourceQuality "1"]
[TimeControl "5400+30"]

1. e4 {[%emt 0:00:00]} e6 {[%emt 0:00:04]} 2. d4 {[%emt 0:00:00]} d5 {[%emt 0:00:10]} 3. exd5 {[%emt 0:00:00]} exd5 {[%emt 0:00:06]} 4. Nf3 {[%emt 0:00:00]} Nc6 {[%emt 0:00:25]} 5. Bd3 {[%emt 0:00:47]} Bd6 {[%emt 0:00:17]} 6. O-O {[%emt 0:00:34]} Nge7 {[%emt 0:00:36]} 7. Re1 {[%emt 0:01:44]} O-O {[%emt 0:01:18]} 8. c3 {[%emt 0:00:47]} Bf5 {[%emt 0:01:38]} 9. Bxf5 {[%emt 0:07:00]} Nxf5 {[%emt 0:00:06]} 10. Qd3 {[%emt 0:00:29]} Qd7 {[%emt 0:01:18]} 11. Bg5 {[%emt 0:02:39]} f6 {[%emt 0:01:56]} 12. Bh4 {[%emt 0:00:30]} a6 {[%emt 0:01:24]} 13. Nbd2 {[%emt 0:01:17]} Nce7 {[%emt 0:03:35]} 14. Bg3 {[%emt 0:08:14]} Rfe8 {[%emt 0:01:50]} 15. Nf1 {[%emt 0:03:19]} Ng6 {[%emt 0:03:04]} 16. N3d2 {[%emt 0:02:03]} c6 {[%emt 0:08:50]} 17. Nb3 {[%emt 0:02:06]} Bxg3 {[%emt 0:03:15]} 18. hxg3 {[%emt 0:02:32]} Nd6 {[%emt 0:01:05]} 19. Nc5 {[%emt 0:02:00]} Qf7 {[%emt 0:05:33]} 20. Nd2 {[%emt 0:04:39]} Nf8 {[%emt 0:03:11]} 21. a4 {[%emt 0:03:33]} a5 {[%emt 0:03:19]} 22. Qf3 {[%emt 0:01:29]} b6 {[%emt 0:02:00]} 23. Nd3 {[%emt 0:00:20]} Ne6 {[%emt 0:01:10]} 24. Qg4 {[%emt 0:05:32]} h5 {[%emt 0:02:59]} 25. Qd1 {[%emt 0:01:47]} Qg6 {[%emt 0:04:13]} 26. Rxe6 {[%emt 0:01:43]} Rxe6 {[%emt 0:01:39]} 27. Nf4 {[%emt 0:00:06]} Qf5 {[%emt 0:00:20]} 28. Nxe6 {[%emt 0:00:09]} Qxe6 {[%emt 0:00:04]} 29. Qxh5 {[%emt 0:00:13]} Re8 {[%emt 0:04:32]} 30. Nf3 {[%emt 0:01:13]} Qc8 {[%emt 0:02:09]} 31. Nh4 {[%emt 0:03:18]} Re4 {[%emt 0:05:27]} 32. Ng6 {[%emt 0:03:14]} Qe6 {[%emt 0:05:09]} 33. Qh8+ {[%emt 0:01:41]} Kf7 {[%emt 0:00:11]} 34. Nf4 {[%emt 0:00:10]} Re1+ {[%emt 0:02:35]} 35. Kh2 {[%emt 0:00:15]} Qe4 {[%emt 0:03:14]} 36. f3 {[%emt 0:01:00]} Qe3 {[%emt 0:00:56]} 37. Rxe1 {[%emt 0:00:27]} Qxe1 {[%emt 0:00:05]} 38. Qd8 {[%emt 0:01:13]} Nf5 {[%emt 0:01:52]} 39. Qc7+ {[%emt 0:01:03]} Ne7 {[%emt 0:01:25]} 40. Qxb6 {[%emt 0:01:29]} g5 {[%emt 0:00:29]} 41. Nd3 {[%emt 0:03:21]} Qe3 {[%emt 0:01:09]} 42. Qa6 {[%emt 0:03:58]} Nf5 {[%emt 0:02:44]} 43. Qxc6 {[%emt 0:18:51]} Qxd3 {[%emt 0:01:15]} 44. Qxd5+ {[%emt 0:01:54]} Kg6 {[%emt 0:00:22]} 45. g4 {[%emt 0:00:29]} Ne3 {[%emt 0:02:27]} 46. Qe4+ {[%emt 0:06:02]} Qxe4 {[%emt 0:00:08]} 47. fxe4 {[%emt 0:00:02]} Kf7 {[%emt 0:04:45]} 48. Kg3 {[%emt 0:00:34]} Ke6 {[%emt 0:00:55]} 49. Kf3 {[%emt 0:02:25]} Nc2 {[%emt 0:03:57]} 50. Ke2 {[%emt 0:00:33]} Kd6 {[%emt 0:01:07]} 51. Kd2 {[%emt 0:00:19]} Na1 {[%emt 0:00:05]} 52. b3 {[%emt 0:00:23] Kd5} 1-0

[Event "Norm Congress-IM 2018"]
[Site "Saint Louis"]
[Date "2018.02.08"]
[Round "1"]
[White "Zhou, Qiyu"]
[Black "Matsenko, Sergei"]
[Result "0-1"]
[WhiteElo "2230"]
[BlackElo "2561"]
[Annotator "TA"]
[PlyCount "90"]
[EventDate "2018.??.??"]
[EventType "schev"]
[EventCountry "USA"]
[SourceTitle "playchess.com"]
[Source "ChessBase"]
[SourceQuality "1"]

{[%evp 16,90,20,17,54,56,73,39,60,11,13,10,18,-1,39,-16,19,0,28,0,33,-20,0,-32,-33,-35,-18,-106,-104,-106,-101,-91,-87,-95,-78,-83,-77,-135,-83,-149,-150,-153,-107,-103,-104,-106,-112,-110,-89,-110,-88,-133,-88,-126,-105,-158,-160,-160,-154,-146,-140,-135,-126,-259,-277,-295,-294,-404,-402,-410,-333,-825,-806,-785,-778,-762,-751]} 1. e4 e6 2. d4 d5 3. Nc3 Bb4 4. exd5 exd5 5. Bd3 Nc6 6. a3 Ba5 7. Nge2 Nge7 8. O-O O-O 9. Na4 {LiveBook: 5 Games. C01: French: Exchange Variation} (9. Bg5 f6 10. Be3 Bf5 11. Nf4 Bxc3 12. bxc3 Qd7 13. c4 Bxd3 14. Qxd3 Rad8 15. Rab1 b6 16. Rb5 dxc4 17. Qxc4+ {0-1 (48) Hou,Y (2680)-Mamedyarov,S (2804) Wijk aan Zee 2018}) 9... Nf5 10. c3 Nce7 11. b4 {White is better.} Bb6 $1 12. Bf4 $146 ({Find the theoretical novelty and annotate with similar games:} 12. Qc2 h6 13. Bf4 Nd6 14. Ng3 c6 15. Nxb6 axb6 16. a4 Be6 {½-½ (36) Wang,T (2396)-Bellahcene,B (2510) Tarvisio 2017}) 12... Ng6 13. Nxb6 axb6 14. Qd2 Nd6 15. Ng3 ({White should play} 15. Bxd6 $14 Qxd6 16. f4) 15... Be6 {[%cal Bc8e6,Be6f7,Bf7g6][%mdl 32]} 16. Rfe1 Qd7 17. h3 Rfe8 18. Kh2 ({White should try} 18. Be5 $14) 18... f6 19. Nh5 {Hoping for Bh6!} Nxf4 20. Qxf4 Bf7 21. Qh4 (21. Qh6 $11 {remains equal.} gxh6 22. Nxf6+ Kg7 23. Nxd7) 21... Bg6 $17 22. Red1 Qf7 23. Ng3 Bxd3 24. Rxd3 Qg6 25. Rf3 b5 26. Rf4 (26. Qf4 $142) 26... Kh8 (26... Re6 $142 27. Rf3 c6) 27. Qg4 (27. Rf3 $142) 27... Qxg4 $1 28. hxg4 h6 29. Rf3 Nc4 30. Rd3 Kg8 31. Rdd1 Kf7 32. Ra2 g6 33. Kg1 c6 34. Kf1 Ra4 35. Re1 (35. Rda1 $142) 35... Rxe1+ 36. Kxe1 Nxa3 {[%mdl 4096] Endgame KRN-KRN} 37. Ke2 Nc4 38. Rc2 Ra1 39. Nf1 {[#]} (39. f3 $17 {was necessary.}) 39... Na3 $1 $19 {[%cal Ra3c2]} 40. Rb2 {[#]} Rc1 $1 41. Rb3 Rc2+ 42. Kd3 Ra2 43. Ng3 $2 (43. Ne3) 43... Nc4 {[%csl Gc4][%cal Ra2d2] Black is clearly winning.} 44. Nf1 Rxf2 45. Rb1 Rxg2 {Precision: White = 32%, Black = 57%.} 0-1

[Event "Norm Congress-IM 2018"]
[Site "Saint Louis"]
[Date "2018.02.08"]
[Round "1"]
[White "Turgut, Tansel"]
[Black "Jacobson, Brandon"]
[Result "1-0"]
[WhiteElo "2224"]
[BlackElo "2351"]
[Annotator "RC"]
[PlyCount "121"]
[EventDate "2018.??.??"]
[EventType "schev"]
[EventCountry "USA"]
[SourceTitle "playchess.com"]
[Source "ChessBase"]
[SourceQuality "1"]
[TimeControl "5400+30"]

1. d4 {[%emt 0:00:00]} Nf6 {[%emt 0:00:09]} 2. Nf3 {[%emt 0:00:00]} g6 {[%emt 0:00:11]} 3. Bf4 {[%emt 0:01:53]} Bg7 {[%emt 0:00:09]} 4. h3 {[%emt 0:00:38]} O-O {[%emt 0:00:17]} 5. e3 {[%emt 0:00:06]} d6 {[%emt 0:02:03]} 6. Be2 {[%emt 0:00:06]} b6 {[%emt 0:00:54]} 7. O-O {[%emt 0:00:25]} Bb7 {[%emt 0:00:05]} 8. a4 {[%emt 0:01:51]} a5 {[%emt 0:00:16]} 9. Bh2 {[%emt 0:01:49]} Nbd7 {[%emt 0:00:08]} 10. c4 {[%emt 0:03:24]} Re8 {[%emt 0:18:48]} 11. Nc3 {[%emt 0:02:03]} Ne4 {[%emt 0:06:51]} 12. Nxe4 {[%emt 0:03:23]} Bxe4 {[%emt 0:00:18]} 13. Nd2 {[%emt 0:02:42]} Bb7 {[%emt 0:00:21]} 14. Bf3 {[%emt 0:01:00]} Bxf3 {[%emt 0:00:06]} 15. Nxf3 {[%emt 0:02:35]} e5 {[%emt 0:01:57]} 16. Qc2 {[%emt 0:09:59]} Qe7 {[%emt 0:01:31]} 17. Rad1 {[%emt 0:02:37]} Rad8 {[%emt 0:03:59]} 18. b3 {[%emt 0:05:16]} f5 {[%emt 0:15:54]} 19. dxe5 {[%emt 0:17:45]} dxe5 {[%emt 0:01:49]} 20. Rd5 {[%emt 0:00:07]} c6 {[%emt 0:08:57]} 21. Rd2 {[%emt 0:00:43]} Nc5 {[%emt 0:00:04]} 22. Rfd1 {[%emt 0:00:11]} Rxd2 {[%emt 0:07:12]} 23. Rxd2 {[%emt 0:00:05]} e4 {[%emt 0:02:04]} 24. Bd6 {[%emt 0:02:38]} Qf6 {[%emt 0:05:03]} 25. Bxc5 {[%emt 0:09:34]} bxc5 {[%emt 0:00:03]} 26. Nh2 {[%emt 0:02:58]} Rb8 {[%emt 0:04:04]} 27. Nf1 {[%emt 0:01:14]} h5 {[%emt 0:13:13]} 28. Qd1 {[%emt 0:05:00]} Qc3 {[%emt 0:03:18]} 29. Rd7 {[%emt 0:00:03]} Rxb3 {[%emt 0:00:43]} 30. Qd6 {[%emt 0:04:38]} Qf6 {[%emt 0:00:59]} 31. Qxf6 {[%emt 0:06:43]} Bxf6 {[%emt 0:00:13]} 32. Rd6 {[%emt 0:00:09]} Kg7 {[%emt 0:01:32]} 33. Rxc6 {[%emt 0:01:21]} Rb4 {[%emt 0:00:01]} 34. Rxc5 {[%emt 0:00:09]} Rxa4 {[%emt 0:00:01]} 35. g4 {[%emt 0:00:12]} hxg4 {[%emt 0:03:51]} 36. hxg4 fxg4 37. Ng3 {[%emt 0:00:30]} Ra1+ {[%emt 0:00:32]} 38. Kg2 {[%emt 0:00:01]} a4 {[%emt 0:00:09]} 39. Nxe4 {[%emt 0:00:39]} Bb2 {[%emt 0:00:00]} 40. Ra5 {[%emt 0:07:11]} a3 41. Kg3 {[%emt 0:00:50]} Rg1+ {[%emt 0:01:58]} 42. Kf4 {[%emt 0:02:24]} Rc1 43. Ra4 {[%emt 0:00:02]} Rg1 {[%emt 0:01:43]} 44. Ra7+ {[%emt 0:01:34]} Kh6 {[%emt 0:00:29]} 45. c5 {[%emt 0:02:09]} g5+ {[%emt 0:00:28]} 46. Kf5 Rg2 47. c6 {[%emt 0:00:56]} g3 {[%emt 0:00:31]} 48. fxg3 {[%emt 0:02:23]} Rc2 {[%emt 0:00:02]} 49. c7 {[%emt 0:00:17]} Rc4 {[%emt 0:01:26]} 50. Nd6 {[%emt 0:00:38]} Rc5+ {[%emt 0:00:16]} 51. Ke6 {[%emt 0:00:04]} Rxc7 {[%emt 0:00:10]} 52. Rxc7 {[%emt 0:00:02]} a2 {[%emt 0:00:01]} 53. Ra7 {[%emt 0:00:55]} a1=Q {[%emt 0:00:03]} 54. Rxa1 {[%emt 0:00:09]} Bxa1 {[%emt 0:00:01]} 55. Kf5 {[%emt 0:00:07]} Bb2 {[%emt 0:02:30]} 56. Nf7+ {[%emt 0:00:55]} Kh5 {[%emt 0:00:05]} 57. g4+ {[%emt 0:00:08]} Kh4 {[%emt 0:00:02]} 58. e4 {[%emt 0:00:11]} Ba3 {[%emt 0:01:15]} 59. e5 {[%emt 0:01:09]} Be7 {[%emt 0:00:05]} 60. e6 {[%emt 0:00:04]} Kg3 {[%emt 0:00:09]} 61. Ne5 {[%emt 0:00:11]} 1-0

[Event "Norm Congress-IM 2018"]
[Site "Saint Louis"]
[Date "2018.02.08"]
[Round "1"]
[White "Colas, Joshua"]
[Black "Banawa, Joel"]
[Result "1-0"]
[WhiteElo "2207"]
[BlackElo "2401"]
[Annotator "TA"]
[PlyCount "103"]
[EventDate "2018.??.??"]
[EventType "schev"]
[EventCountry "USA"]
[SourceTitle "playchess.com"]
[Source "ChessBase"]
[SourceQuality "1"]

{[%evp 24,103,-6,-14,0,0,46,38,120,95,114,30,33,7,11,-4,-4,-43,-28,-32,-36,-205,-181,-292,252,256,259,265,259,264,270,270,261,268,269,266,249,254,372,285,266,229,503,501,2356,2048,2056,641,631,623,608,580,564,568,624,621,671,665,667,587,663,556,701,610,622,608,1058,1046,1038,1019,993,970,29976,29977,29976,29977,12547,5214,29983,29984,29979,29975]} 1. d4 Nf6 2. Nf3 e6 3. Bf4 c5 4. e3 Nc6 5. c3 d5 6. Nbd2 Bd6 7. Bg3 O-O 8. Bd3 b6 9. Qe2 {D02: 1 d4 d5 2 Nf3 sidelines, including 2...Nf6 3 g3 and 2...Nf6 3 Bf4} Bb7 10. Rd1 Re8 11. e4 {[%cal Be3e4,Be4e5][%mdl 32]} Be7 12. e5 Nh5 13. a3 $1 {LiveBook: 10 Games} a5 {[#]} 14. h4 $146 ({Find the theoretical novelty and annotate with similar games:} 14. Nf1 g6 15. Ne3 Qc8 16. O-O Ba6 {1-0 (38) Berkes,F (2662)-Raja,H (2427) Villorba 2018}) 14... g6 15. Bh2 f5 (15... Ng7 $14) 16. exf6 $1 $16 Bxf6 {[%cal Rc5d4]} 17. dxc5 (17. g4 $1 $16 {[%cal Rg4h5]} Ng7 18. Qe3) 17... e5 $1 $11 {[%cal Be6e5,Be5e4][%mdl 32] aiming for ...Nf4.} 18. Ne4 $1 {Threatens to win with Bb5.} Qe7 $1 {...Nf4 is the strong threat.} 19. Nxf6+ (19. cxb6 Nf4 $17) 19... Qxf6 20. Ng5 h6 21. Nh3 Nd4 22. Qg4 $2 ({Don't go for} 22. cxd4 $2 exd4 23. cxb6 Rxe2+ 24. Kxe2 Qxb6 $19) (22. Qe3 $15 Nf5 23. Bxf5 gxf5 24. cxb6) 22... e4 $19 23. cxd4 (23. Ba6 {might work better.} Bxa6 24. cxd4) 23... Bc8 $4 {[%mdl 8192]} (23... exd3+ $19 24. Be5 Bc8) 24. Qe2 $18 Bxh3 25. Bb5 $1 {[%cal Rb5e8]} Bxg2 26. Rg1 $1 {[%cal Rg1g2]} Bf3 27. Qe3 $1 (27. Bxe8 Bxe2 28. Rxg6+ Qxg6 $1 $18 {[%mdl 512]}) 27... Kh7 28. Bxe8 Rxe8 29. Rc1 {[%cal Bd1c1,Bc1c5,Bc5d5,Bd5d8,Bd8h8][%mdl 32]} bxc5 30. Rxc5 Re7 (30... Qxh4 {was called for.} 31. Be5 Re7 32. Rxa5 (32. Rxd5 Ng7 $18) 32... g5) 31. Be5 Qxh4 32. Rxd5 g5 $2 (32... Ng7 33. Rxa5 Nf5) 33. Rd8 {Intending Qb3 and mate.} Nf4 (33... a4 $142 34. Qc1 e3 35. Qxe3 Be4) 34. Rh8+ Kg6 35. Qxf4 (35. Bxf4 $142 Rg7 {[#]} 36. Bxg5 $1 {[%mdl 512]} Qxg5 37. Rxg5+ hxg5 38. Qb3 Re7 39. Qb6+ Kf5 40. Qc5+ Kf6 41. Rf8+ Rf7 42. Qe5+ Kg6 43. Rg8+ Kh6 44. Qxg5+ Kh7 45. Qg6#) 35... Qxf4 36. Bxf4 Rb7 37. Bc1 Rb3 38. Rd8 g4 39. Kd2 e3+ 40. fxe3 h5 41. Kc2 a4 42. Re8 h4 43. e4 g3 44. Bf4 Kh5 45. d5 {[%cal Bd4d5,Bd5d6,Bd6e7][%mdl 32]} Kg4 46. d6 {Black must now prevent d7.} Rb7 47. Re7 Rxe7 48. dxe7 Bxe4+ 49. Kd2 Bc6 50. Ke3 Kh3 51. Rc1 Bb5 52. Rc8 {Precision: White = 49%, Black = 50%.} 1-0

[Event "Norm Congress-IM 2018"]
[Site "Saint Louis"]
[Date "2018.02.09"]
[Round "2"]
[White "Matsenko, Sergei"]
[Black "Colas, Joshua"]
[Result "1/2-1/2"]
[WhiteElo "2561"]
[BlackElo "2207"]
[Annotator "TA"]
[PlyCount "104"]
[EventDate "2018.??.??"]
[EventType "schev"]
[EventCountry "USA"]
[SourceTitle "playchess.com"]
[Source "ChessBase"]
[SourceQuality "1"]

{[%evp 18,104,57,39,51,41,56,56,54,58,51,54,52,52,63,63,65,63,57,22,46,8,11,14,25,27,27,27,28,28,28,3,22,8,11,14,17,0,0,0,0,0,0,0,7,0,6,0,0,0,0,0,0,0,0,0,10,11,18,0,0,0,0,0,0,0,6,0,41,0,0,0,0,0,0,0,0,0,0,0,0,0,0,0,0,0,0,0,0]} 1. Nf3 Nf6 2. c4 e6 3. g3 d5 4. Bg2 Be7 5. O-O dxc4 6. Na3 c5 7. Nxc4 Nc6 8. b3 O-O 9. Bb2 Rb8 10. d4 b5 {A13: English Opening: 1...e6} 11. Nce5 Nxe5 $146 ({Predecessor:} 11... Bb7 12. dxc5 Bxc5 13. Nxc6 Bxc6 14. Rc1 Qe7 15. Qc2 Bxf3 16. Bxf3 Rbc8 17. e3 b4 18. Rfd1 {1-0 (54) Afek,Y (2369)-Michiels,B (2159) Groningen 2001}) 12. Nxe5 Bb7 {White is slightly better.} 13. Bxb7 Rxb7 14. Nc6 Qd6 15. Nxe7+ Qxe7 16. dxc5 Qxc5 17. Bxf6 gxf6 18. Qd2 Qg5 19. Qb4 Rd8 20. Rac1 Qd2 21. Qg4+ Qg5 22. Qf3 Rbd7 23. b4 f5 24. Rc5 Rd5 25. Rc7 R8d7 26. Rfc1 Qd2 27. Rc8+ Rd8 28. a3 Rxc8 29. Rxc8+ $11 {[%mdl 4096] Endgame KQR-KQR} Rd8 30. Rc7 Rd7 31. Rc8+ (31. Rc5 {feels hotter.} Qe1+ 32. Kg2 Rd1 33. Qf4 Qf1+ 34. Kf3) 31... Rd8 32. Rxd8+ Qxd8 {KQ-KQ} 33. Kg2 Qd7 34. h4 Kg7 35. e4 fxe4 36. Qxe4 Qd6 37. Qg4+ Kf8 38. Qg5 Qc6+ 39. Kh2 a6 40. Qd8+ Kg7 41. Qg5+ Kf8 42. Qf6 Qe4 43. h5 Qf5 {The position is equal.} 44. Qxf5 exf5 {KP-KP} 45. Kg2 Kg7 {[#] Hoping for ...Kh6.} 46. Kf3 Kf6 {Strongly threatening ...Kg5.} 47. Kf4 {Threatens to win with f3.} h6 $1 48. f3 {[%cal Bf2f3,Bf3f4][%mdl 32]} Ke6 49. g4 {[#] aiming for g5.} f6 50. gxf5+ Kd5 51. Ke3 Ke5 52. f4+ Kd5 {Precision: White = 57%, Black = 81%.} 1/2-1/2

[Event "Norm Congress-IM 2018"]
[Site "Saint Louis"]
[Date "2018.02.09"]
[Round "2"]
[White "Banawa, Joel"]
[Black "Turgut, Tansel"]
[Result "1-0"]
[WhiteElo "2401"]
[BlackElo "2224"]
[Annotator "ChessBase"]
[PlyCount "81"]
[EventDate "2018.??.??"]
[EventType "schev"]
[EventCountry "USA"]
[SourceTitle "playchess.com"]
[Source "ChessBase"]
[SourceQuality "1"]
[TimeControl "5400+30"]

1. c4 {[%emt 0:00:00]} Nf6 {[%emt 0:00:20]} 2. Nc3 {[%emt 0:00:16]} c6 {[%emt 0:00:05]} 3. Nf3 {[%emt 0:02:33]} d5 {[%emt 0:00:06]} 4. e3 {[%emt 0:00:03]} e6 {[%emt 0:00:29]} 5. d4 {[%emt 0:01:13]} Nbd7 {[%emt 0:00:09]} 6. Qc2 {[%emt 0:00:04]} Bd6 {[%emt 0:00:38]} 7. Bd3 {[%emt 0:00:16]} dxc4 {[%emt 0:01:06]} 8. Bxc4 {[%emt 0:00:05]} b5 {[%emt 0:00:04]} 9. Bd3 {[%emt 0:00:07]} Bb7 {[%emt 0:00:55]} 10. O-O {[%emt 0:00:52]} O-O {[%emt 0:03:21]} 11. a3 {[%emt 0:01:23]} Rc8 {[%emt 0:03:13]} 12. Qe2 {[%emt 0:09:09]} a6 {[%emt 0:11:07]} 13. e4 {[%emt 0:11:19]} e5 {[%emt 0:01:57]} 14. Rd1 {[%emt 0:00:28]} Qe7 {[%emt 0:01:07]} 15. g3 {[%emt 0:00:10]} Rfe8 {[%emt 0:02:10]} 16. Bc2 {[%emt 0:01:16]} c5 {[%emt 0:04:46]} 17. dxe5 {[%emt 0:00:26]} Nxe5 {[%emt 0:00:54]} 18. Nh4 {[%emt 0:00:06]} g6 {[%emt 0:06:17]} 19. Bg5 {[%emt 0:05:20]} c4 {[%emt 0:12:51]} 20. Ng2 {[%emt 0:04:53]} h6 {[%emt 0:09:44]} 21. Bxh6 {[%emt 0:04:19]} Nfg4 {[%emt 0:01:23]} 22. Bf4 {[%emt 0:06:33]} f5 {[%emt 0:08:44]} 23. h3 {[%emt 0:15:35]} Nf6 {[%emt 0:16:02]} 24. Nh4 {[%emt 0:11:34]} Bc5 {[%emt 0:03:15]} 25. Kh2 {[%emt 0:08:00]} Kg7 {[%emt 0:02:59]} 26. Bxe5 {[%emt 0:01:22]} Qxe5 {[%emt 0:00:31]} 27. f4 {[%emt 0:00:02]} Qe6 {[%emt 0:03:41]} 28. e5 {[%emt 0:00:52]} Nd5 {[%emt 0:00:05]} 29. Nxd5 {[%emt 0:00:42]} Bxd5 {[%emt 0:00:02]} 30. Nxg6 {[%emt 0:04:36]} Rh8 {[%emt 0:04:57]} 31. Nh4 {[%emt 0:06:06]} Rxh4 {[%emt 0:02:22]} 32. gxh4 {[%emt 0:00:04]} Rh8 {[%emt 0:00:33]} 33. Rg1+ {[%emt 0:00:16]} Kf8 {[%emt 0:00:17]} 34. Rg5 {[%emt 0:01:20]} Rxh4 {[%emt 0:00:13]} 35. Bxf5 {[%emt 0:00:28]} Qh6 {[%emt 0:00:37]} 36. Qd2 {[%emt 0:00:45]} Qxg5 {[%emt 0:00:51]} 37. fxg5 {[%emt 0:00:11]} Rd4 {[%emt 0:00:02]} 38. Qf2 {[%emt 0:00:53]} Ke7 {[%emt 0:00:34]} 39. Bg4 {[%emt 0:00:50]} Kd8 {[%emt 0:00:23]} 40. Rd1 {[%emt 0:01:08]} Rxg4 {[%emt 0:01:01]} 41. Rxd5+ 1-0

[Event "Norm Congress-IM 2018"]
[Site "Saint Louis"]
[Date "2018.02.09"]
[Round "2"]
[White "Grabinsky, Aaron"]
[Black "Jacobson, Brandon"]
[Result "1-0"]
[WhiteElo "2388"]
[BlackElo "2351"]
[Annotator "NA"]
[PlyCount "77"]
[EventDate "2018.??.??"]
[EventType "schev"]
[EventCountry "USA"]
[SourceTitle "playchess.com"]
[Source "ChessBase"]
[SourceQuality "1"]
[TimeControl "5400+30"]

1. d4 {[%emt 0:01:26]} Nf6 {[%emt 0:00:07]} 2. Bf4 {[%emt 0:00:05]} g6 {[%emt 0:00:06]} 3. Nc3 {[%emt 0:00:04]} d5 {[%emt 0:00:05]} 4. Qd2 {[%emt 0:00:13]} c6 {[%emt 0:06:08]} 5. Bh6 {[%emt 0:02:14]} Bxh6 {[%emt 0:01:36]} 6. Qxh6 {[%emt 0:00:07]} Nbd7 {[%emt 0:00:07]} 7. Nf3 {[%emt 0:02:26]} b5 {[%emt 0:01:40]} 8. e3 {[%emt 0:02:30]} Qa5 {[%emt 0:11:23]} 9. Nd2 {[%emt 0:02:24]} Qc7 {[%emt 0:05:23]} 10. a3 {[%emt 0:02:37]} e5 {[%emt 0:02:41]} 11. Be2 {[%emt 0:03:38]} Qd6 {[%emt 0:02:29]} 12. O-O {[%emt 0:01:59]} Ng8 {[%emt 0:00:46]} 13. Qg5 {[%emt 0:03:30]} f6 {[%emt 0:08:42]} 14. Qg3 {[%emt 0:00:24]} Ke7 {[%emt 0:13:56]} 15. dxe5 {[%emt 0:03:36]} fxe5 {[%emt 0:00:34]} 16. Rad1 {[%emt 0:02:26]} Ngf6 {[%emt 0:17:26]} 17. Nde4 {[%emt 0:01:28]} Qe6 {[%emt 0:00:52]} 18. Ng5 {[%emt 0:02:49]} Qg8 {[%emt 0:00:09]} 19. Bg4 {[%emt 0:12:31]} Nxg4 {[%emt 0:02:50]} 20. Qxg4 {[%emt 0:00:11]} h6 {[%emt 0:18:10]} 21. Qb4+ {[%emt 0:10:20]} Kd8 {[%emt 0:02:25]} 22. Nf3 {[%emt 0:01:04]} Qe6 {[%emt 0:00:56]} 23. a4 {[%emt 0:00:53]} Bb7 {[%emt 0:02:22]} 24. axb5 {[%emt 0:03:22]} c5 {[%emt 0:00:01]} 25. Qa5+ {[%emt 0:01:22]} Kc8 {[%emt 0:00:01]} 26. Rfe1 {[%emt 0:04:40]} Rf8 {[%emt 0:00:33]} 27. Qa2 {[%emt 0:04:56]} e4 {[%emt 0:01:48]} 28. Nd2 {[%emt 0:01:11]} Qf7 {[%emt 0:00:41]} 29. Rf1 {[%emt 0:01:46]} Ne5 {[%emt 0:00:14]} 30. Qa3 {[%emt 0:00:38]} Qc7 {[%emt 0:00:41]} 31. Na4 {[%emt 0:00:39]} Nd7 {[%emt 0:00:14]} 32. Nb3 {[%emt 0:00:23]} a6 {[%emt 0:00:44]} 33. b6 {[%emt 0:00:33]} Nxb6 {[%emt 0:00:10]} 34. Nxb6+ {[%emt 0:00:59]} Qxb6 {[%emt 0:00:05]} 35. Nxc5 {[%emt 0:00:16]} Rd8 {[%emt 0:00:20]} 36. Rd4 {[%emt 0:00:39]} a5 {[%emt 0:00:00]} 37. Rfd1 {[%emt 0:00:24]} Bc6 {[%emt 0:00:14]} 38. Nxe4 {[%emt 0:00:43]} Kc7 {[%emt 0:00:16]} 39. Nc3 1-0